Maíz : política institucional y crisis agrícola.

I tiakina i:
Ngā taipitopito rārangi puna kōrero
Kaituhi matua: Montañez, Carlos (autor)
Ētahi atu kaituhi: Aburto, Horacio (autor) (autor)
Hōputu: Pukapuka
Reo:Pāniora
Ngā marau:
Ngā Tūtohu: Tāpirihia he Tūtohu
Kāore He Tūtohu, Me noho koe te mea tuatahi ki te tūtohu i tēnei pūkete!

MARC

LEADER 00000cam^a2200000uu^4500
001 000457703
005 20250521000000.0
008 050901s1979^^^^^^^^^^^^rd^r^^000^0^spa^d
009 20260310124050.007
022 |a 9684291418 
035 |a FCE 000000139 
035 |a FCE 000140 
037 |a Acervo ITESO - Biblioteca 
041 |a spa 
082 0 4 |a 338.9  |b MON 
100 |a Montañez, Carlos  |e (autor) 
245 1 0 |a Maíz :  |b política institucional y crisis agrícola. 
264 |a México :  |b Nueva imagen,  |c 1979. 
336 |a texto  |b txt  |2 rdacontenido 
337 |a sin mediación  |b n  |2 rdamedio 
338 |a volumen  |b nc  |2 rdasoporte 
649 |a XX 
650 |a Agricultura 
650 |a Economía 
650 |a Campesinos 
650 |a Producción agrícola 
700 |a Aburto, Horacio  |e (autor) 
910 |a Fondo Centro de Estudios Educativos 
920 |a Impresos - Libros 
930 |a Fondos Especiales 
905 |a 133 
901 |a ALE000140  |b IT2  |c CEE  |u 20250521 
902 |a https://opac.biblio.iteso.mx/vufind/Record/000457703